Normal view MARC view

Entry Nome pessoal

Number of records used in: 4

001 - NÚMERO DE CONTROLE

  • campo de controle: 1039

003 - IDENTIFICADOR DO NÚMERO DE CONTROLE

  • campo de controle: DLC

005 - DATA E HORÁRIO DA ÚLTIMA TRANSAÇÃO

  • campo de controle: 20250903150234.0

008 - CAMPO DE DADOS FIXOS

  • campo de controle de tamanho fixo: 891120n| azannaabn |a aaa

010 ## - NÚMERO DE CONTROLE DA LIBRARY OF CONGRESS

  • Número de controle da LC: n 89665985

035 ## - NÚMERO DE CONTROLE DO SISTEMA

  • Número de Controle do Sistema: (OCoLC)oca02639791

040 ## - FONTE DA CATALOGAÇÃO

  • Instituição da catalogação original: DLC
  • Idioma da catalogação: eng
  • Fontes convencionais de descrições de dados: rda
  • Instituição que transcreveu o registro: DLC
  • Instituição que modificou o registro: DLC
  • Instituição que modificou o registro: OCoLC
  • Instituição que modificou o registro: DLC

046 ## - CÓDIGO ESPECIAL DE DATAS

  • Data de nascimento: 1950
  • Fonte do esquema de data: edtf

053 #0 - NÚMERODE DE CLASSIFICAÇÃO DA BIBLIOTECA DO CONGRESSO AMERICANO (LIBRARY OF CONGRESS - LC)

  • Número da classificação, número único do elemento ou número inicial do período: PQ9698.1.L12

100 1# - CABEÇALHO--NOME PESSOAL

  • Nome pessoal: Albergaria, Lino de,
  • Datas associadas ao nome: 1950-

370 ## - LUGAR ASSOCIADO

  • Local de nascimento: Belo Horizonte (Brazil)
  • Fonte do termo: naf

377 ## - IDIOMA ASSOCIADO

  • Código do idioma: por

400 1# - REMISSIVA VER--NOME PESSOAL

  • Nome pessoal: De Albergaria, Lino,
  • Datas associadas ao nome: 1950-

670 ## - FONTE POSITIVA DOS DADOS

  • Citação da fonte positiva dos dados: His O correspondente estrangeiro, 1988?:
  • Dados encontrados na fonte localizada no subcampo: t.p. (Lino de Albergaria) cover p. 3 (Braz. CIP: b. 1950)

670 ## - FONTE POSITIVA DOS DADOS

  • Citação da fonte positiva dos dados: His Um bailarino holandês, 2015:
  • Dados encontrados na fonte localizada no subcampo: t.p. ( Lino de Albergaria) p. 143 (b. in Belo Horizonte; writer, editor, translator)

Powered by Koha